| 000 -LEADER |
| fixed length control field |
01182pam a2200325 a 4500 |
| 001 - CONTROL NUMBER |
| control field |
2859920 |
| 003 - CONTROL NUMBER IDENTIFIER |
| control field |
OSt |
| 005 - DATE AND TIME OF LATEST TRANSACTION |
| control field |
20210417113912.0 |
| 008 - FIXED-LENGTH DATA ELEMENTS--GENERAL INFORMATION |
| fixed length control field |
850719t19851976nyu b 001 0 eng |
| 010 ## - LIBRARY OF CONGRESS CONTROL NUMBER |
| LC control number |
85015477 |
| 020 ## - INTERNATIONAL STANDARD BOOK NUMBER |
| International Standard Book Number |
0195002067 (pbk.) |
| 040 ## - CATALOGING SOURCE |
| Original cataloging agency |
DLC |
| Transcribing agency |
DLC |
| Modifying agency |
DLC |
| 050 00 - LIBRARY OF CONGRESS CALL NUMBER |
| Classification number |
PN883 |
| Item number |
.H5 1985 |
| 080 ## - UNIVERSAL DECIMAL CLASSIFICATION NUMBER |
| Universal Decimal Classification number |
94 |
| Item number |
H-65 |
| 082 00 - DEWEY DECIMAL CLASSIFICATION NUMBER |
| Classification number |
809 |
| Edition number |
19 |
| 100 1# - MAIN ENTRY--PERSONAL NAME |
| Personal name |
Highet, Gilbert, |
| Dates associated with a name |
1906-1978. |
| 245 14 - TITLE STATEMENT |
| Title |
The classical tradition : |
| Remainder of title |
Greek and Roman influences on western literature / |
| Statement of responsibility, etc. |
by Gilbert Highet. |
| 260 ## - PUBLICATION, DISTRIBUTION, ETC. |
| Place of publication, distribution, etc. |
New York : |
| Name of publisher, distributor, etc. |
Oxford University Press, |
| Date of publication, distribution, etc. |
1985, c1976. |
| 300 ## - PHYSICAL DESCRIPTION |
| Extent |
xxxviii, 763 p. ; |
| Dimensions |
21 cm. |
| 365 ## - TRADE PRICE |
| Price amount |
19.95 usd |
| 500 ## - GENERAL NOTE |
| General note |
Includes index. |
| 504 ## - BIBLIOGRAPHY, ETC. NOTE |
| Bibliography, etc. note |
Bibliography: p. [550]-555. |
| 650 #0 - SUBJECT ADDED ENTRY--TOPICAL TERM |
| Topical term or geographic name entry element |
Comparative literature |
| General subdivision |
Classical and modern. |
| 650 #0 - SUBJECT ADDED ENTRY--TOPICAL TERM |
| Topical term or geographic name entry element |
Comparative literature |
| General subdivision |
Modern and classical. |
| 653 ## - INDEX TERM--UNCONTROLLED |
| Uncontrolled term |
ლიტერატურა |
| 653 ## - INDEX TERM--UNCONTROLLED |
| Uncontrolled term |
კლასიკური და თანამედროვე ლიტერატურა |
| 856 42 - ELECTRONIC LOCATION AND ACCESS |
| Materials specified |
Publisher description |
| Uniform Resource Identifier |
<a href="http://www.loc.gov/catdir/enhancements/fy0602/85015477-d.html">http://www.loc.gov/catdir/enhancements/fy0602/85015477-d.html</a> |
| 906 ## - LOCAL DATA ELEMENT F, LDF (RLIN) |
| a |
7 |
| b |
cbc |
| c |
orignew |
| d |
1 |
| e |
ocip |
| f |
19 |
| g |
y-gencatlg |
| 942 ## - ADDED ENTRY ELEMENTS (KOHA) |
| Source of classification or shelving scheme |
|
| Koha item type |
Books |